000
00281nam a22001337a 4500
008
190226b xxu||||| |||| 00| 0 eng d
020
_a
52817729
041
_a
eng
080
_a
910
100
_a
42
101
_a
GJEO
245
_a
Classroom Atlas
_c
McNally, R
942
_2
udc
_c
BK
999
_c
54320
_d
54320